000 10397nas1a22009491 4500
001 RU\NLR\INFOCOMM10\1000300576
005 20250807185123.0
035 _a(NLR Aleph) 002324219
090 _a757
_c757
100 _a20250807 rusy50
101 0 _arus
102 _aRU
110 _azyu||||0|y0
200 1 _aСборник работ по лесному хозяйству
_fМ-во с.х. СССР. Всесоюз. науч.-исслед. ин-т лесоводства и механизации лесного хозяйства
207 1 _aВып.1-53
210 _aМ.
_aЛ.
_cГослесбумиздат
_d1939-1971
300 _aВып.44, 47 не были изданы
430 0 _12001#$aТруды Всесоюзного научно-исследовательского института лесного хозяйства "ВНИИЛХ"
801 1 _aRU
_bInfoComm
_c20041019
801 0 _aRU
_bNLR
_gPSBO
852 _aNLR
_jП13/408
852 _aNLR
_j39-17/23
852 _aNLR
_bС60
_jВ-6/1
933 _9^^
933 _9^^
933 _9^^
942 _cSE
945 _aРоссийская национальная библиотека
980 _aNB
980 _aBV
980 _aRUSPER